| 000 | 00672nam a2200229Ia 4500 | ||
|---|---|---|---|
| 003 | OSt | ||
| 005 | 20251215142807.0 | ||
| 008 | 210716s2002 xx 000 0 und d | ||
| 020 | _a8190133101 | ||
| 040 | _cAIMIT LIBRARY | ||
| 041 | _aeng | ||
| 082 |
_a006.37 _21 _bKRIB |
||
| 100 |
_aKrishna, Bharathi K. _9249160 |
||
| 245 |
_aDevelop an accounting package using visual basic / _cBy Bharathi Krishna and Krishna K. |
||
| 250 | _a1st ed. | ||
| 260 |
_aBangalore : _c2002. |
||
| 300 | _a378p. ; | ||
| 650 |
_aBusiness logics _9249161 |
||
| 650 |
_aDeveloping the application _9249162 |
||
| 650 |
_aSource code listing _9249163 |
||
| 942 |
_2ddc _cBK _e1st _k006.37 KRIB |
||
| 999 |
_c186204 _d186204 |
||